[Event "ROM-ch Rapid"]
[Site "Bucharest"]
[Date "2022.03.12"]
[Round "4"]
[White "Grigore, Nicolae Petre"]
[Black "Vilcu, Matei Stefan"]
[Result "0-1"]
[WhiteElo "2390"]
[BlackElo "2112"]
[PlyCount "68"]
[EventDate "2022.03.11"]
[EventType "swiss (rapid)"]
[EventRounds "9"]
[EventCountry "ROU"]
[SourceTitle "CBM 207 Extra"]
[Source "ChessBase"]
[SourceDate "2022.05.31"]
[SourceVersion "1"]
[SourceVersionDate "2022.05.31"]
[SourceQuality "1"]

1. e4 c5 2. Nf3 d6 3. d4 cxd4 4. Nxd4 Nf6 5. Nc3 a6 6. Bc4 e6 7. Bb3 b5 8. 0-0 Be7 9. Qf3 Qb6 10. Be3 Qb7 11. Qg3 b4 12. Na4 Nbd7 13. f3 Ne5 14. c3 Bd7 15. cxb4 Qxb4 16. Nc2 Qb7 17. Nb6 Rb8 18. Nxd7 Qxd7 19. Bd4 0-0 20. Rfd1 Qc7 21. Rac1 Rfc8 22. Qe1 Qb7 23. Na3 Rxc1 24. Rxc1 Nd3 25. Qd2 Nxc1 26. Qxc1 Rc8 27. Qd2 d5 28. exd5 Nxd5 29. Nc4 Bc5 30. h4 Qb4 31. Qd1 Bxd4+ 32. Qxd4 a5 33. Qa7 a4 34. Qd7 Qc5+ 0-1

[Event "ROM-ch"]
[Site "Baile Olanesti"]
[Date "2013.02.21"]
[Round "7"]
[White "Grigore, Nicolae Petre"]
[Black "Toma, Radu Cristian"]
[Result "1-0"]
[WhiteElo "2385"]
[BlackElo "2219"]
[PlyCount "143"]
[EventDate "2013.02.16"]
[EventType "swiss"]
[EventRounds "11"]
[EventCountry "ROU"]
[SourceTitle "CBM 153 Extra"]
[Source "ChessBase"]
[SourceDate "2013.04.22"]
[SourceVersion "1"]
[SourceVersionDate "2013.04.22"]
[SourceQuality "1"]

1. e4 c5 2. Nf3 Nc6 3. d4 cxd4 4. Nxd4 g6 5. Nc3 Bg7 6. Be3 Nf6 7. Bc4 Qa5 8. 0-0 d6 9. h3 0-0 10. Bb3 Bd7 11. f4 Nxd4 12. Bxd4 Bc6 13. Qd3 Nd7 14. Bxg7 Kxg7 15. Kh1 Qc5 16. Rae1 b5 17. Bd5 Rfc8 18. Re2 b4 19. Bxc6 Rxc6 20. Nd5 Re8 21. Qd2 a5 22. Ra1 Nb6 23. a3 Nxd5 24. exd5 Rb6 25. f5 f6 26. Rae1 Rb7 27. axb4 Qxb4 28. c3 Qb5 29. Re4 Qxb2 30. Rxe7+ Rexe7 31. Rxe7+ Kg8 32. Re8+ Kg7 33. Re7+ Kg8 34. Qxb2 Rxb2 35. fxg6 hxg6 36. Re6 Kf7 37. Rxd6 Rc2 38. Rd7+ Ke8 39. Rg7 Rxc3 40. Rxg6 Kf7 41. Rh6 Rd3 42. Rh7+ Kg6 43. Rd7 a4 44. Ra7 Rxd5 45. Rxa4 Rd3 46. Kh2 Rb3 47. Rg4+ Kh5 48. Rg3 Rb4 49. Ra3 Rb2 50. Kg3 Rb4 51. Kf3 Kg5 52. g3 Rc4 53. h4+ Kg6 54. g4 Rc7 55. Rd3 Ra7 56. Rd4 Rb7 57. Kf4 Ra7 58. Rb4 Rc7 59. Ke4 Rh7 60. h5+ Kg5 61. Kf3 Ra7 62. Rb5+ Kh6 63. Kf4 Kg7 64. Kf5 Rc7 65. Rd5 Ra7 66. Ke6 Ra6+ 67. Rd6 Ra4 68. Rd7+ Kg8 69. Kf5 Rb4 70. h6 Ra4 71. Kxf6 Rxg4 72. Rg7+ 1-0

[Event "ROM-chT"]
[Site "Eforie Nord"]
[Date "2008.09.05"]
[Round "5"]
[White "Berescu, Alin Mile"]
[Black "Grigore, Nicolae Petre"]
[Result "1/2-1/2"]
[WhiteElo "2489"]
[BlackElo "2365"]
[PlyCount "71"]
[EventDate "2008.09.01"]
[EventType "team"]
[EventRounds "9"]
[EventCountry "ROU"]
[SourceTitle "CBM 126 Extra"]
[Source "ChessBase"]
[SourceDate "2008.11.05"]
[SourceVersion "1"]
[SourceVersionDate "2008.11.05"]
[SourceQuality "1"]

1. e4 c5 2. Nf3 d6 3. d4 cxd4 4. Nxd4 Nf6 5. Nc3 g6 6. Be3 Bg7 7. f3 0-0 8. Qd2 Nc6 9. 0-0-0 d5 10. Qe1 e5 11. Nxc6 bxc6 12. exd5 Nxd5 13. Bc4 Be6 14. Ne4 Qc7 15. Bc5 Rfd8 16. g4 h6 17. h4 Rab8 18. g5 h5 19. Rh2 Qb7 20. b3 Nf4 21. Bxe6 Rxd1+ 22. Qxd1 Nxe6 23. Rd2 Qb5 24. Bd6 Rb7 25. Kb1 a5 26. Ba3 Qb6 27. Nd6 Rd7 28. Qe1 Nd4 29. Qe3 Qb8 30. Nc4 a4 31. Bb2 axb3 32. axb3 c5 33. Qe4 Qb7 34. Qxb7 Rxb7 35. Bxd4 cxd4 36. Nd6 1/2-1/2

[Event "ROM-chT"]
[Site "Eforie Nord"]
[Date "2008.09.02"]
[Round "2"]
[White "Grigore, Nicolae Petre"]
[Black "Szabo, Gergely Andras"]
[Result "1/2-1/2"]
[WhiteElo "2365"]
[BlackElo "2514"]
[PlyCount "34"]
[EventDate "2008.09.01"]
[EventType "team"]
[EventRounds "9"]
[EventCountry "ROU"]
[SourceTitle "CBM 126 Extra"]
[Source "ChessBase"]
[SourceDate "2008.11.05"]
[SourceVersion "1"]
[SourceVersionDate "2008.11.05"]
[SourceQuality "1"]

1. e4 c5 2. Nf3 d6 3. d4 cxd4 4. Nxd4 Nf6 5. Nc3 a6 6. Be3 e5 7. Nb3 Be6 8. f3 Be7 9. Qd2 0-0 10. 0-0-0 a5 11. Kb1 a4 12. Nc1 Ra5 13. Qf2 Nbd7 14. a3 Qb8 15. N1a2 Rc8 16. Bd2 Bd8 17. Be3 Be7 1/2-1/2

[Event "ROM-chT"]
[Site "Predeal"]
[Date "2007.11.18"]
[Round "6"]
[White "Grigore, Nicolae Petre"]
[Black "Balla, Tamas Kristof"]
[Result "0-1"]
[WhiteElo "2374"]
[BlackElo "2260"]
[PlyCount "79"]
[EventDate "2007.10.13"]
[EventType "team"]
[EventRounds "9"]
[EventCountry "ROU"]
[SourceTitle "EXT 2008"]
[Source "ChessBase"]
[SourceDate "2007.11.25"]
[SourceVersion "1"]
[SourceVersionDate "2007.11.25"]
[SourceQuality "1"]

1. e4 d6 2. d4 Nf6 3. f3 e5 4. d5 g6 5. Be3 Bg7 6. Qd2 0-0 7. c4 Nh5 8. Nc3 Qh4+ 9. Bf2 Qe7 10. g4 Nf4 11. Nge2 Bh6 12. Nxf4 Bxf4 13. Be3 Bxe3 14. Qxe3 c5 15. 0-0-0 a6 16. h4 f6 17. Bd3 Bd7 18. Kb1 Be8 19. Rdg1 Nd7 20. Ne2 b5 21. Ng3 Nb6 22. Rh2 bxc4 23. Bc2 Rb8 24. Rgh1 Rb7 25. Qa3 a5 26. Ka1 Bf7 27. h5 g5 28. Nf5 Qc7 29. Rc1 Be8 30. Bd1 Bd7 31. Ne3 Rfb8 32. Be2 Na4 33. Nxc4 Rb4 34. Bf1 Bb5 35. b3 Bxc4 36. Rxc4 Nb6 37. Rxb4 cxb4 38. Qb2 Nd7 39. Bc4 a4 40. bxa4 0-1

[Event "ROM-chT"]
[Site "Predeal"]
[Date "2007.11.17"]
[Round "5"]
[White "Grigore, Nicolae Petre"]
[Black "Horvat, Dan Sebastian"]
[Result "1/2-1/2"]
[WhiteElo "2374"]
[BlackElo "2095"]
[PlyCount "142"]
[EventDate "2007.10.13"]
[EventType "team"]
[EventRounds "9"]
[EventCountry "ROU"]
[SourceTitle "EXT 2008"]
[Source "ChessBase"]
[SourceDate "2007.11.25"]
[SourceVersion "1"]
[SourceVersionDate "2007.11.25"]
[SourceQuality "1"]

1. e4 c5 2. Nf3 d6 3. d4 cxd4 4. Nxd4 Nf6 5. Nc3 g6 6. Be3 Bg7 7. f3 0-0 8. Qd2 Nc6 9. 0-0-0 d5 10. Kb1 Nxd4 11. e5 Ng4 12. Bxd4 Nxe5 13. Qe3 Nc6 14. Bxg7 Kxg7 15. Rxd5 Qc7 16. h4 Be6 17. h5 Bxd5 18. hxg6 Bxa2+ 19. Nxa2 fxg6 20. Qh6+ Kf7 21. Qxh7+ Ke8 22. Bd3 Qe5 23. Rd1 Kd8 24. Nc3 Kc7 25. Nb5+ Kb6 26. Qh4 Rad8 27. Re1 Qc5 28. Nc3 Qd4 29. Re4 Qg1+ 30. Re1 Rd4 31. Qg3 Rxf3 32. Rxg1 Rxg3 33. Ne2 Rdxd3 34. cxd3 Rxd3 35. Nf4 Rd6 36. g4 g5 37. Nh3 Ne5 38. Nxg5 Rg6 39. Nh3 Rxg4 40. Re1 Nc6 41. Nf2 Rd4 42. Ne4 e5 43. Ng5 a5 44. Kc2 a4 45. Kc3 Rh4 46. Nf7 Rh5 47. Nd6 Kc7 48. Ne8+ Kb6 49. Nd6 Rh3+ 50. Kc4 Rb3 51. Re2 Nd4 52. Rxe5 Rxb2 53. Kd5 Nc6 54. Nc4+ Kb5 55. Re8 Rb3 56. Nd6+ Kb6 57. Nc4+ Kc7 58. Rh8 Nb4+ 59. Kc5 Nd3+ 60. Kd4 Nb2 61. Rh7+ Kd8 62. Rh8+ Ke7 63. Na5 Rd3+ 64. Kc5 a3 65. Nxb7 a2 66. Ra8 Rd2 67. Kb4 Nd1 68. Nc5 Rb2+ 69. Kc4 Ne3+ 70. Kc3 Rc2+ 71. Kd3 Rxc5 1/2-1/2

[Event "ROM-chT"]
[Site "Predeal"]
[Date "2007.11.14"]
[Round "2"]
[White "Grigore, Nicolae Petre"]
[Black "Vajda, Albert"]
[Result "1/2-1/2"]
[WhiteElo "2374"]
[BlackElo "2456"]
[PlyCount "70"]
[EventDate "2007.10.13"]
[EventType "team"]
[EventRounds "9"]
[EventCountry "ROU"]
[SourceTitle "EXT 2008"]
[Source "ChessBase"]
[SourceDate "2007.11.25"]
[SourceVersion "1"]
[SourceVersionDate "2007.11.25"]
[SourceQuality "1"]

1. e4 d5 2. exd5 Qxd5 3. Nc3 Qd6 4. d4 Nf6 5. Nge2 Bg4 6. f3 Bf5 7. Bf4 Qd7 8. Ng3 Bg6 9. Nge4 Nxe4 10. Nxe4 e6 11. Qd2 Be7 12. Nc5 Qc8 13. h4 h5 14. 0-0-0 0-0 15. Bd3 Bxd3 16. Nxd3 Rd8 17. g4 Rxd4 18. gxh5 Nc6 19. h6 g6 20. h7+ Kxh7 21. h5 g5 22. Bxg5 Bxg5 23. Qxg5 Qd8 24. Qe3 Qd5 25. c3 Qc4 26. Rhg1 Rd5 27. Rg4 Qxa2 28. Rdg1 Rxh5 29. Rg7+ Kh8 30. Rxf7 Rh2 31. Kd1 Qb1+ 32. Nc1 Qc2+ 33. Ke1 Rd8 34. Nd3 Qb1+ 35. Nc1 Rg8 1/2-1/2

[Event "Bucharest op"]
[Site "Bucharest"]
[Date "2005.09.20"]
[Round "5"]
[White "Grigore, Nicolae Petre"]
[Black "Jianu, Vlad Cristian"]
[Result "0-1"]
[WhiteElo "2367"]
[BlackElo "2453"]
[PlyCount "78"]
[EventDate "2005.09.17"]
[EventType "swiss"]
[EventRounds "9"]
[EventCountry "ROU"]
[SourceTitle "CBM 108 Extra"]
[Source "ChessBase"]
[SourceDate "2005.11.04"]
[SourceVersion "1"]
[SourceVersionDate "2005.11.04"]
[SourceQuality "1"]

1. e4 c5 2. Nf3 g6 3. d4 cxd4 4. Nxd4 Nf6 5. Nc3 d6 6. Be3 Bg7 7. Qd2 Nc6 8. f3 0-0 9. 0-0-0 d5 10. Nxc6 bxc6 11. exd5 Nxd5 12. Nxd5 cxd5 13. Qxd5 Qc7 14. Qxa8 Bf5 15. Qxf8+ Kxf8 16. Rd2 h5 17. Be2 Qb8 18. b3 Bc3 19. Rd5 Qb4 20. Bc5 Qf4+ 21. Kb1 Be6 22. Rd8+ Kg7 23. Bxe7 Qc7 24. Rd3 Bf5 25. Bd6 Qc6 26. Ba3 Bxd3 27. Bxd3 h4 28. h3 Bf6 29. c4 Qd7 30. Rd1 Qd4 31. Kc1 Qc3+ 32. Bc2 Qe3+ 33. Kb1 Qe5 34. Kc1 Qg5+ 35. Kb1 Qxg2 36. Be4 Qxh3 37. Bb2 Bxb2 38. Kxb2 Qg2+ 39. Kc3 h3 0-1

[Event "ROM-chT"]
[Site "Baile Tusnad"]
[Date "2005.05.26"]
[Round "6"]
[White "Grigore, Nicolae Petre"]
[Black "Petre, Nad Titus"]
[Result "0-1"]
[WhiteElo "2355"]
[BlackElo "2383"]
[PlyCount "156"]
[EventDate "2005.05.21"]
[EventType "team"]
[EventRounds "9"]
[EventCountry "ROU"]
[SourceTitle "CBM 106 Extra"]
[Source "ChessBase"]
[SourceDate "2005.07.01"]
[SourceVersion "1"]
[SourceVersionDate "2005.07.01"]
[SourceQuality "1"]

1. e4 c5 2. Nf3 e6 3. d4 cxd4 4. Nxd4 a6 5. c4 Nf6 6. Nc3 Qc7 7. a3 Nc6 8. Be3 d6 9. Be2 Bd7 10. 0-0 Nxd4 11. Qxd4 Be7 12. Rac1 0-0 13. f3 Rac8 14. b4 Qb8 15. Rfd1 Rfd8 16. Qd3 Re8 17. Bf4 e5 18. Be3 Be6 19. Nd5 Nxd5 20. exd5 Bd7 21. Qb3 b6 22. Bd3 Rc7 23. Qc2 g6 24. Qf2 Rb7 25. f4 Bf6 26. f5 Qd8 27. Be4 Bg5 28. Bxg5 Qxg5 29. f6 Bf5 30. h4 Qh5 31. Re1 h6 32. Bf3 Bg4 33. Rc3 Bxf3 34. Rxf3 Qg4 35. Rf4 Qc8 36. Rfe4 Qf5 37. g4 Qxf2+ 38. Kxf2 Rc7 39. Ke3 Rec8 40. Rc1 Kf8 41. Kd3 Ke8 42. Re2 Kd7 43. Rec2 Kd8 44. Ke3 Ke8 45. Kf3 Kd8 46. Ke4 Kd7 47. Kd3 Kd8 48. a4 Kd7 49. Ke3 Rb8 50. Kd3 Rbc8 51. a5 bxa5 52. c5 axb4 53. c6+ Kd8 54. Ra2 Ra7 55. Ra5 Kc7 56. Kc4 Rb8 57. Rb1 Raa8 58. Rxb4 Rxb4+ 59. Kxb4 Kb6 60. Ra1 a5+ 61. Kc4 Kc7 62. g5 hxg5 63. hxg5 a4 64. Kb4 e4 65. Ka3 Ra5 66. Rb1 Rxd5 67. Rb7+ Kxc6 68. Rxf7 Rxg5 69. Rg7 Rf5 70. Rxg6 Kc5 71. Kxa4 Kc4 72. Ka3 d5 73. Kb2 d4 74. Kc1 e3 75. Kd1 d3 76. Ke1 Kc3 77. f7 Rxf7 78. Rg3 Kc2 0-1

[Event "Bucharest Revolution Memorial"]
[Site "Bucharest"]
[Date "2004.12.18"]
[Round "4"]
[White "Grigore, Nicolae Petre"]
[Black "Nita, Lucian"]
[Result "1-0"]
[WhiteElo "2354"]
[BlackElo "2205"]
[PlyCount "59"]
[EventDate "2004.12.15"]
[EventType "swiss"]
[EventRounds "9"]
[EventCountry "ROU"]
[SourceTitle "CBM 104 Extra"]
[Source "ChessBase"]
[SourceDate "2005.03.01"]
[SourceVersion "1"]
[SourceVersionDate "2005.03.01"]
[SourceQuality "1"]

1. e4 e5 2. Nf3 Nc6 3. d4 exd4 4. Nxd4 d6 5. Nc3 Bd7 6. Be3 Nf6 7. f3 g6 8. Qd2 Bg7 9. 0-0-0 a6 10. Kb1 0-0 11. Nxc6 Bxc6 12. h4 b5 13. h5 Nxh5 14. g4 Qf6 15. Bg5 Qxf3 16. Be2 Bxc3 17. bxc3 Qxe4 18. gxh5 f6 19. Bh6 Rfe8 20. hxg6 Qxe2 21. gxh7+ Kh8 22. Bg7+ Kxg7 23. h8Q+ Rxh8 24. Rhg1+ Qg2 25. Rxg2+ Bxg2 26. Qxg2+ Kf7 27. Qd5+ Ke7 28. Rg1 f5 29. Rg7+ Kf6 30. Rf7+ 1-0

[Event "Belgrade Trophy 17th"]
[Site "Obrenovac"]
[Date "2004.11.24"]
[Round "3"]
[White "Toth, Aleksandar"]
[Black "Grigore, Nicolae Petre"]
[Result "1-0"]
[WhiteElo "2199"]
[BlackElo "2354"]
[PlyCount "85"]
[EventDate "2004.11.22"]
[EventType "swiss"]
[EventRounds "9"]
[EventCountry "YUG"]
[SourceTitle "CBM 103 Extra"]
[Source "ChessBase"]
[SourceDate "2005.01.01"]
[SourceVersion "1"]
[SourceVersionDate "2005.01.01"]
[SourceQuality "1"]

1. e4 c5 2. Nf3 e6 3. d3 Nc6 4. g3 d5 5. Nbd2 Nf6 6. Bg2 Be7 7. 0-0 0-0 8. Re1 b5 9. e5 Nd7 10. Nf1 a5 11. h4 b4 12. N1h2 Ba6 13. Ng4 a4 14. a3 bxa3 15. bxa3 Rb8 16. h5 Qc7 17. Bf4 Kh8 18. h6 g6 19. Qc1 c4 20. d4 Qb6 21. Bg5 Bxg5 22. Qxg5 Qd8 23. Qf4 Rb2 24. Rec1 Qe7 25. Bh3 Na7 26. Nf6 Nxf6 27. exf6 Qe8 28. Rab1 Rxb1 29. Rxb1 Nb5 30. Ng5 Bc8 31. Kh2 Kg8 32. Qe3 Qc6 33. Rb4 Re8 34. Rxa4 Bd7 35. Rb4 Ra8 36. Bxe6 Bxe6 37. Nxe6 Re8 38. Qf4 Nc3 39. Nc7 Rc8 40. Qe5 Rxc7 41. Rb6 Qd7 42. Rd6 Qc8 43. Qe7 1-0

[Event "Bucharest op"]
[Site "Bucharest"]
[Date "2004.09.25"]
[Round "6"]
[White "Mateuta, Gabriel"]
[Black "Grigore, Nicolae Petre"]
[Result "1-0"]
[WhiteElo "2469"]
[BlackElo "2349"]
[PlyCount "85"]
[EventDate "2004.09.22"]
[EventType "swiss"]
[EventRounds "9"]
[EventCountry "ROU"]
[SourceTitle "CBM 102 Extra"]
[Source "ChessBase"]
[SourceDate "2004.11.03"]
[SourceVersion "1"]
[SourceVersionDate "2004.11.03"]
[SourceQuality "1"]

1. d4 Nf6 2. Nf3 d5 3. c4 e6 4. Nc3 Be7 5. Bg5 0-0 6. e3 h6 7. Bh4 b6 8. Be2 Bb7 9. 0-0 Nbd7 10. Rc1 c5 11. cxd5 exd5 12. Bg3 a6 13. Ne5 Nxe5 14. Bxe5 c4 15. a4 Bc6 16. e4 Nxe4 17. Nxe4 dxe4 18. Bxc4 Bd5 19. Bc7 Qd7 20. Bxd5 Qxd5 21. Bxb6 e3 22. fxe3 Qe6 23. a5 Qxe3+ 24. Kh1 Bd6 25. Rc6 Qe7 26. Qg4 Rfe8 27. Qf5 Rab8 28. b3 Rb7 29. Rc8 Rd7 30. Rxe8+ Qxe8 31. Qd3 Qb8 32. h3 Qc8 33. Qc4 Qb7 34. d5 Re7 35. Qc6 Qb8 36. Ra1 Re2 37. b4 Qf8 38. Bc5 Bxc5 39. bxc5 Qe7 40. Qc8+ Kh7 41. Qf5+ g6 42. Qf1 Rc2 43. d6 1-0

[Event "ROM-chT"]
[Site "Tusnad"]
[Date "2004.05.05"]
[Round "5.6"]
[White "Raceanu, Valentin"]
[Black "Grigore, Nicolae Petre"]
[Result "1/2-1/2"]
[WhiteElo "2404"]
[BlackElo "2362"]
[PlyCount "34"]
[EventDate "2004.05.05"]
[EventType "team"]
[EventRounds "9"]
[EventCountry "ROU"]
[SourceTitle "EXT 2008"]
[Source "ChessBase"]
[SourceDate "2007.11.25"]
[SourceVersion "1"]
[SourceVersionDate "2007.11.25"]
[SourceQuality "1"]

1. d4 e6 2. c4 f5 3. g3 Nf6 4. Bg2 c6 5. Nd2 d5 6. Nh3 Bd6 7. Nf3 0-0 8. 0-0 b6 9. Nf4 Qe7 10. Qc2 Bb7 11. Ng5 Bc8 12. a3 Ne4 13. Nxe4 fxe4 14. f3 exf3 15. Bxf3 Kh8 16. e4 e5 17. dxe5 Bc5+ 1/2-1/2

[Event "Bucharest Revolution Memorial"]
[Site "Bucharest"]
[Date "2003.12.??"]
[Round "?"]
[White "Grigore, Nicolae Petre"]
[Black "Bogza, Oana"]
[Result "1-0"]
[WhiteElo "2379"]
[BlackElo "2120"]
[PlyCount "59"]
[EventDate "2003.12.??"]
[EventType "swiss"]
[EventRounds "7"]
[EventCountry "ROU"]
[SourceTitle "EXT 2008"]
[Source "ChessBase"]
[SourceDate "2007.11.25"]
[SourceVersion "1"]
[SourceVersionDate "2007.11.25"]
[SourceQuality "1"]

1. e4 d6 2. d4 g6 3. Nc3 Bg7 4. Be3 Nf6 5. Qd2 c6 6. Bh6 Bxh6 7. Qxh6 Qa5 8. Bd3 c5 9. d5 Nbd7 10. Nf3 Qb4 11. Qd2 0-0 12. 0-0 Qxb2 13. Rab1 Qa3 14. Nb5 Qa4 15. c4 a6 16. Bc2 Qxc4 17. Na3 Nxe4 18. Nxc4 Nxd2 19. Nfxd2 b5 20. Na5 Nf6 21. Be4 Bf5 22. f3 Bd7 23. Rfe1 Rfe8 24. Nf1 Rac8 25. Ne3 Nh5 26. g4 Nf6 27. Kg2 Nxe4 28. fxe4 e5 29. Nb7 Rcd8 30. Nxd6 1-0

[Event "Bucharest Revolution Memorial"]
[Site "Bucharest"]
[Date "2003.12.??"]
[Round "?"]
[White "Grigore, Nicolae Petre"]
[Black "Doibani, Lilia"]
[Result "1/2-1/2"]
[WhiteElo "2379"]
[BlackElo "2054"]
[PlyCount "89"]
[EventDate "2003.12.??"]
[EventType "swiss"]
[EventRounds "7"]
[EventCountry "ROU"]
[SourceTitle "EXT 2008"]
[Source "ChessBase"]
[SourceDate "2007.11.25"]
[SourceVersion "1"]
[SourceVersionDate "2007.11.25"]
[SourceQuality "1"]

1. e4 c5 2. Nf3 e6 3. d4 cxd4 4. Nxd4 Nf6 5. Nc3 Nc6 6. Ndb5 Bb4 7. a3 Bxc3+ 8. Nxc3 d5 9. exd5 exd5 10. Bd3 0-0 11. 0-0 d4 12. Ne2 Re8 13. b4 Nd5 14. Bb2 Bg4 15. Qd2 Bxe2 16. Bxe2 Nc3 17. Bd3 Qf6 18. Rae1 Ne5 19. Bxc3 dxc3 20. Qe2 g6 21. Bb5 Ng4 22. Qxe8+ Rxe8 23. Rxe8+ Kg7 24. h3 Qb6 25. hxg4 Qxb5 26. Re3 Qc4 27. Rd1 Qxg4 28. Rdd3 a5 29. bxa5 Qh5 30. Rf3 Qxa5 31. Rde3 Qh5 32. Rxc3 Qe5 33. g3 h5 34. Rb3 Qe4 35. Kg2 Qc4 36. Rxb7 Qc6 37. Rbb3 g5 38. Kf1 g4 39. Rf4 Qxc2 40. Re3 Qc5 41. Kg1 f6 42. Rb3 Qc1+ 43. Kh2 Qc5 44. a4 Qc6 45. Rb5 1/2-1/2

[Event "Bucharest Blue Autumn"]
[Site "Bucharest"]
[Date "2003.10.15"]
[Round "10"]
[White "Moldovan, Daniel"]
[Black "Grigore, Nicolae Petre"]
[Result "1-0"]
[WhiteElo "2444"]
[BlackElo "2343"]
[PlyCount "93"]
[EventDate "2003.10.06"]
[EventType "tourn"]
[EventRounds "15"]
[EventCountry "ROU"]
[EventCategory "7"]
[SourceTitle "EXT 2008"]
[Source "ChessBase"]
[SourceDate "2007.11.25"]
[SourceVersion "1"]
[SourceVersionDate "2007.11.25"]
[SourceQuality "1"]

1. e4 c5 2. Nf3 d6 3. c3 Nf6 4. Bd3 Bg4 5. h3 Bxf3 6. Qxf3 Nc6 7. Bc2 g6 8. Qe2 Bg7 9. d3 d5 10. 0-0 e5 11. Bg5 h6 12. Bxf6 Bxf6 13. Nd2 d4 14. Ba4 Rc8 15. Nb3 0-0 16. Nxc5 Nb8 17. Nb3 dxc3 18. bxc3 Rxc3 19. Bb5 Rc7 20. Rac1 Bg5 21. Rxc7 Qxc7 22. d4 a6 23. Bc4 b5 24. Bd5 Nd7 25. dxe5 Qxe5 26. g3 Qc3 27. h4 Bd8 28. Rc1 Qg7 29. Nc5 Ne5 30. Nd3 Bb6 31. Kg2 Nxd3 32. Qxd3 Qd4 33. Qxd4 Bxd4 34. Rc6 Kg7 35. Rxa6 f5 36. f4 Rc8 37. exf5 gxf5 38. Be6 Rc5 39. h5 b4 40. Bb3 Rc1 41. Rg6+ Kh7 42. Bg8+ Kh8 43. Be6 Rg1+ 44. Kh2 Re1 45. Rxh6+ Kg7 46. Rg6+ Kh8 47. Bc4 1-0

[Event "Bucharest Blue Autumn"]
[Site "Bucharest"]
[Date "2003.10.10"]
[Round "5"]
[White "Grigore, Nicolae Petre"]
[Black "Golubev, Mikhail"]
[Result "1/2-1/2"]
[WhiteElo "2343"]
[BlackElo "2536"]
[PlyCount "65"]
[EventDate "2003.10.06"]
[EventType "tourn"]
[EventRounds "15"]
[EventCountry "ROU"]
[EventCategory "7"]
[SourceTitle "EXT 2008"]
[Source "ChessBase"]
[SourceDate "2007.11.25"]
[SourceVersion "1"]
[SourceVersionDate "2007.11.25"]
[SourceQuality "1"]

1. e4 c5 2. Nf3 d6 3. d4 cxd4 4. Nxd4 Nf6 5. Nc3 g6 6. Be3 Bg7 7. f3 Nc6 8. Qd2 0-0 9. 0-0-0 d5 10. Nxc6 bxc6 11. exd5 Nxd5 12. Nxd5 cxd5 13. Qxd5 Qc7 14. Qxa8 Bf5 15. Qxf8+ Kxf8 16. Rd2 Be6 17. c4 Qa5 18. a3 h5 19. Be2 Kg8 20. Rhd1 Qe5 21. Bd4 Qxh2 22. Bxg7 Kxg7 23. Bd3 Qf4 24. b3 a5 25. a4 h4 26. Be4 g5 27. Re1 g4 28. Kc2 g3 29. Bd5 Bxd5 30. Rxd5 h3 31. Re4 hxg2 32. Rxf4 g1Q 33. Rg4+ 1/2-1/2